Normal view
MARC view
Entry Geographic Name
001 - CONTROL NUMBER
- control field: 842811
003 - CONTROL NUMBER IDENTIFIER
- control field:
005 - DATE AND TIME OF LATEST TRANSACTION
- control field: 20210627082512.0
008 - FIXED-LENGTH DATA ELEMENTS
- fixed length control field: 210627|| aca||aabn | a|a d
040 ## - CATALOGING SOURCE
- Original cataloging agency:
- Transcribing agency:
151 ## - HEADING--GEOGRAPHIC NAME
- Geographic name: Mogul Empire
- General subdivision: Maps
670 ## - SOURCE DATA FOUND
- Source citation: Work cat.: ()729077: Rennell, James, 1742-1830 842810, James Rennell's memoir of a map of Hindustan or the Mughal empire and his Bengal atlas /, [n. d.]
